Oracle designer/2000 handbook (Record no. 41468)

MARC details
000 -LEADER
fixed length control field 00322nam a2200121Ia 4500
082 ## - DEWEY DECIMAL CLASSIFICATION NUMBER
Classification number 681.31(035)ORA
Item number DOR
100 ## - MAIN ENTRY--AUTHOR NAME
Personal name DORSEY, Paul
245 #0 - TITLE STATEMENT
Title Oracle designer/2000 handbook
260 ## - PUBLICATION, DISTRIBUTION, ETC. (IMPRINT)
Place of publication New Delhi
Name of publisher Tata Mc Graw-Hill
Year of publication 1997
700 ## - ADDED ENTRY--PERSONAL NAME
Personal name KOLETZKE, Peter
942 ## - ADDED ENTRY ELEMENTS (KOHA)
Koha item type Books
Holdings
Withdrawn status Lost status Damaged status Not for loan Home library Current library Date acquired Cost, normal purchase price Full call number Accession Number Koha item type
        RRII Library RRII Library 16/12/2021 350.00 681.31(035)ORA DOR 21754 Books